[Event "Foment Martinenc op-C 16th"]
[Site "Barcelona"]
[Date "2014.06.21"]
[Round "9"]
[White "Bada Navarro, Ariadna"]
[Black "Gomez Albamonte, Sonia"]
[Result "1/2-1/2"]
[WhiteElo "1764"]
[BlackElo "1703"]
[PlyCount "75"]
[EventDate "2014.04.26"]
[EventType "swiss"]
[EventRounds "9"]
[EventCountry "ESP"]
[SourceTitle "EXT 2015"]
[Source "ChessBase"]
[SourceDate "2014.11.20"]
[SourceVersion "1"]
[SourceVersionDate "2014.11.20"]
[SourceQuality "1"]

1. e4 e5 2. Nf3 Nc6 3. Bc4 Bc5 4. d3 d6 5. Nc3 Nf6 6. h3 Na5 7. Bb3 Nxb3 8. axb3 a6 9. Bg5 c6 10. 0-0 0-0 11. Ne2 Re8 12. Ng3 h6 13. Be3 Bb4 14. c3 Ba5 15. Qd2 Kh7 16. Nh4 Ng8 17. Nhf5 Re6 18. Kh2 Bb6 19. d4 exd4 20. Bxd4 Bxd4 21. Qxd4 Qf6 22. Rad1 Qxd4 23. Rxd4 d5 24. exd5 cxd5 25. Rxd5 Rb6 26. b4 Be6 27. Rc5 Rd8 28. Nd4 Rd7 29. Re5 Bc4 30. Rfe1 Rf6 31. Rf5 Rfd6 32. Ne4 Rg6 33. Re3 Ne7 34. Rc5 Bd5 35. c4 b6 36. Rxd5 Nxd5 37. cxd5 Rxd5 38. Nf3 1/2-1/2